<?xml version="1.0" encoding="UTF-8"?>
<marc:record xmlns:marc="http://www.loc.gov/MARC21/slim">
   <marc:leader>00000nam a2200000 a 4500</marc:leader>
   <marc:datafield ind1="1" ind2=" " tag="100">
      <marc:subfield code="a">Camilleri, Andrea</marc:subfield>
      <marc:subfield code="4">aut</marc:subfield>
      <marc:subfield code="e">Verfasser/-in</marc:subfield>
   </marc:datafield>
   <marc:datafield ind1="1" ind2=" " tag="100">
      <marc:subfield code="a">Kopetzki, Annette</marc:subfield>
      <marc:subfield code="4">trl</marc:subfield>
      <marc:subfield code="e">Übersetzer/-in</marc:subfield>
   </marc:datafield>
   <marc:datafield ind1=" " ind2=" " tag="653">
      <marc:subfield code="a">Zeitgeschichte</marc:subfield>
   </marc:datafield>
   <marc:datafield ind1=" " ind2=" " tag="653">
      <marc:subfield code="a">Biografie</marc:subfield>
   </marc:datafield>
   <marc:datafield ind1=" " ind2=" " tag="653">
      <marc:subfield code="a">Italien</marc:subfield>
   </marc:datafield>
   <marc:datafield ind1="0" ind2="0" tag="245">
      <marc:subfield code="a">Gewisse Momente</marc:subfield>
   </marc:datafield>
   <marc:datafield ind1="0" ind2="0" tag="245">
      <marc:subfield code="c">Andrea Camilleri. Aus dem Ital. von Annette Kopetzki</marc:subfield>
   </marc:datafield>
   <marc:datafield ind1=" " ind2="1" tag="264">
      <marc:subfield code="a">München</marc:subfield>
      <marc:subfield code="b">Kindler</marc:subfield>
      <marc:subfield code="c">2019</marc:subfield>
   </marc:datafield>
   <marc:datafield ind1=" " ind2=" " tag="250">
      <marc:subfield code="a">1. Aufl.</marc:subfield>
   </marc:datafield>
   <marc:datafield ind1="1" ind2=" " tag="520">
      <marc:subfield code="a">In diesem sehr persönlichen Buch fragt sich Italiens Bestsellerautor Andrea Camilleri, welche Menschen und Bücher ihm im Lauf seines Lebens zu innerer Klarheit verholfen haben. Als Antwort gibt er kurze, pointierte Geschichten: Über Camilleris bewegte Jugendjahre auf Sizilien, zur Zeit des Faschismus. Über seine Zeit als Theaterregisseur, bevor er ein weltberühmter Schriftsteller wurde. Über seinen Wutanfall während der Proben eines Stückes, das vor Kirchenvertretern aufgeführt werden soll: Der Kardinal, der Camilleris Fausthieb nicht nur verzeiht, sondern berechtigt findet, ist der spätere Papst Johannes XXIII. Wir erfahren auch von einem überraschenden Telefonat zwischen dem Theatermann Camilleri und Samuel Beckett und begegnen dem Rasenden Roland &#x96; und Pinocchio.</marc:subfield>
   </marc:datafield>
   <marc:datafield ind1=" " ind2=" " tag="020">
      <marc:subfield code="a">9783463406800</marc:subfield>
      <marc:subfield code="9">9783463406800</marc:subfield>
   </marc:datafield>
   <marc:datafield ind1=" " ind2=" " tag="020">
      <marc:subfield code="a">3463406802</marc:subfield>
      <marc:subfield code="9">3463406802</marc:subfield>
   </marc:datafield>
   <marc:datafield ind1=" " ind2=" " tag="300">
      <marc:subfield code="a">170 S.</marc:subfield>
   </marc:datafield>
</marc:record>
